RICS manual of estate agency law and practice (Record no. 102912)
[ view plain ]
| 000 -LEADER | |
|---|---|
| fixed length control field | 01996cam a22003495a 4500 |
| 008 - FIXED-LENGTH DATA ELEMENTS--GENERAL INFORMATION | |
| fixed length control field | #DATE c2004 xxk 000 0 eng u |
| 020 ## - INTERNATIONAL STANDARD BOOK NUMBER | |
| International Standard Book Number | 1842191543 |
| 035 ## - SYSTEM CONTROL NUMBER | |
| System control number | (Sirsi) u122699 |
| 041 0# - LANGUAGE CODE | |
| Language code of text/sound track or separate title | eng |
| 050 04 - LIBRARY OF CONGRESS CALL NUMBER | |
| Classification number | 333.33 $2 18 |
| 110 2# - MAIN ENTRY--CORPORATE NAME | |
| Corporate name or jurisdiction name as entry element | Royal Institution of Chartered Surveyors |
| 9 (RLIN) | 4900 |
| 245 00 - TITLE STATEMENT | |
| Title | RICS manual of estate agency law and practice |
| Statement of responsibility, etc. | [old edition] |
| 250 ## - EDITION STATEMENT | |
| Edition statement | 2nd ed. |
| 260 ## - PUBLICATION, DISTRIBUTION, ETC. | |
| Place of publication, distribution, etc. | London |
| Name of publisher, distributor, etc. | RICS |
| Date of publication, distribution, etc. | 2004- |
| 300 ## - PHYSICAL DESCRIPTION | |
| Extent | 1 |
| Type of unit | v. (loose-leaf) |
| Dimensions | 32cm. |
| 350 ## - PRICE (NR) (BK AM CF MU VM SE) [OBSOLETE] | |
| Price | 150 |
| 490 ## - SERIES STATEMENT | |
| Series statement | RICS Guidance Note |
| 490 ## - SERIES STATEMENT | |
| Series statement | RICS Blue Book |
| 490 ## - SERIES STATEMENT | |
| Series statement | RICS Practice Statement |
| 505 2# - FORMATTED CONTENTS NOTE | |
| Formatted contents note | Status and application -- Part A: Residential estate agency practice statement -- Part B: the legal background -- Part C: Estates Agents Act 1979 -- Part D: Property Misdescriptions Act 1991 -- Part E: other legislation -- Part F: futher practice material -- Part G: auctions -- Part H: other useful information |
| 520 ## - SUMMARY, ETC. | |
| Summary, etc. | Aims to provide guidance to RICS members on relevant law and good practice in estate agency in all markets - commercial, residential and rural. Part A is mandatory for all members practising in the estate agency sector. Parts B, C, D, E, F and G are guidance notes containing advice on aspects of members' practice. The manual provides a summary only of the relevant legislation and is expressed in terms of England and Wales. Reflects law and practice from April 2004. Appendices including the Ombudsman for Estate Agents new code of practice. |
| 520 ## - SUMMARY, ETC. | |
| Summary, etc. | Supersedes 1998 edition (ISBN 085406866X). |
| 520 ## - SUMMARY, ETC. | |
| Summary, etc. | Superseded by Blue Book: Residential Estate Agency Standards (ISBN 9781842194980). |
| 650 24 - SUBJECT ADDED ENTRY--TOPICAL TERM | |
| Topical term or geographic name entry element | ESTATE AGENTS ACT 1979 |
| 650 24 - SUBJECT ADDED ENTRY--TOPICAL TERM | |
| Topical term or geographic name entry element | RICS MANUAL OF ESTATE AGENCY LAW AND PRACTICE |
| 650 24 - SUBJECT ADDED ENTRY--TOPICAL TERM | |
| Topical term or geographic name entry element | OMBUDSMAN FOR ESTATE AGENTS SCHEME |
| 650 24 - SUBJECT ADDED ENTRY--TOPICAL TERM | |
| Topical term or geographic name entry element | PROPERTY MISDESCRIPTIONS ACT 1991 |
| 650 24 - SUBJECT ADDED ENTRY--TOPICAL TERM | |
| Topical term or geographic name entry element | RICS RESIDENTIAL ESTATE AGENCY PRACTICE STATEMENT |
| 651 #4 - SUBJECT ADDED ENTRY--GEOGRAPHIC NAME | |
| Geographic name | United Kingdom |
| 690 ## - LOCAL SUBJECT ADDED ENTRY--TOPICAL TERM (OCLC, RLIN) | |
| Topical term or geographic name as entry element | PROPERTY-PROPERTY AGENCY |
| 942 ## - ADDED ENTRY ELEMENTS (KOHA) | |
| Suppress in OPAC | 0 |
| Source of classification or shelving scheme | Dewey Decimal Classification |
| Withdrawn status | Lost status | Source of classification or shelving scheme | Damaged status | Not for loan | Home library | Current library | Shelving location | Date acquired | Total Checkouts | Full call number | Barcode | Date last seen | Copy number | Price effective from | Koha item type | Date last checked out |
|---|---|---|---|---|---|---|---|---|---|---|---|---|---|---|---|---|
| Dewey Decimal Classification | Archives | Archives | RICS Boxes | 25/01/2008 | 17 | RICS 2004/11 | 30074558 | 01/05/2024 | 4 | 06/08/2019 | Book | 04/05/2010 | ||||
| Dewey Decimal Classification | London | London | RICS Boxes | 11/05/2004 | RICS 2004/11 | 30069260 | 06/08/2019 | 1 | 06/08/2019 | Archive | ||||||
| Dewey Decimal Classification | London | London | RICS Boxes | 11/05/2004 | 1 | RICS 2004/11 | 30069272 | 06/08/2019 | 2 | 06/08/2019 | Reference material | 09/12/2004 | ||||
| Dewey Decimal Classification | London | London | RICS Boxes | 11/05/2004 | 36 | RICS 2004/11 | 30069268 | 06/08/2019 | 3 | 06/08/2019 | Book | 13/05/2009 |